00414nam a2200169Ia 4500003000400000005001700004008004100021020001800062040000700080041000800087082001700095100002300112245004800135260003300183300001500216365001300231OSt20230330162307.0210423s2009 xx 000 0 und d a9788174467096 cAL aeng a658.576 JAWP aJAWAHAR (P David). aContemporary issues in management research. aNew DelhibExcel Booksc2009 aix,318bPB b495cINR